|
|
|
|
| LEADER |
00000cam a22000004a 4500 |
| 001 |
musev2_51978 |
| 003 |
MdBmJHUP |
| 005 |
20230905045536.0 |
| 006 |
m o d |
| 007 |
cr||||||||nn|n |
| 008 |
170222s2017 quc o 00 0 fre d |
| 020 |
|
|
|a 9782760547094
|
| 020 |
|
|
|z 9782760547087
|
| 035 |
|
|
|a (OCoLC)987440453
|
| 040 |
|
|
|a MdBmJHUP
|c MdBmJHUP
|
| 100 |
1 |
|
|a Poulot, Marie-Laure,
|e auteur.
|
| 245 |
1 |
3 |
|a Le long de la Main cosmopolite :
|b Promouvoir, vivre et marcher le boulevard Saint-Laurent à Montréal /
|c Marie-Laure Poulot.
|
| 264 |
|
1 |
|a Quebec :
|b Presses de l'Universite du Quebec,
|c 2017.
|
| 264 |
|
3 |
|a Baltimore, Md. :
|b Project MUSE,
|c 2017
|
| 264 |
|
4 |
|c ©2017.
|
| 300 |
|
|
|a 1 online resource (436 pages).
|
| 336 |
|
|
|a text
|b txt
|2 rdacontent
|
| 337 |
|
|
|a computer
|b c
|2 rdamedia
|
| 338 |
|
|
|a online resource
|b cr
|2 rdacarrier
|
| 490 |
0 |
|
|a Patrimoine urbain ;
|v 17
|
| 505 |
0 |
|
|a Couverture; Collection Patrimoine urbain; Titre; Credits; Table des matieres; Liste des encadres; Liste des figures; Liste des tableaux; Liste des principaux sigles et acronymes; Introduction; Partie 1 -- Le boulevard Saint-Laurent, l'incarnation d'un cosmopolitisme identitaire; Chapitre 1 -- Une Main Street reflet du cosmopolitisme urbain et politique; Chapitre 2 -- Patrimonialiser le cosmopolitisme du boulevard Saint-Laurent; Partie 2 -- Le branding du boulevard Saint-Laurent ; Chapitre 3 -- Le cosmopolitisme au coeur des enjeux d'amenagement
|
| 505 |
0 |
|
|a Chapitre 4 -- Entre cosmopolitisme marchand et resilience des anciens quartiers « ethniques »Chapitre 5 -- Du Red Light au Quartier des spectacles; Partie 3 -- Vivre et raconter le boulevard Saint-Laurent; Chapitre 6 -- Recits et nostalgies autour d'une authenticite cosmopolite; Chapitre 7 -- Experiences de « gentrifieurs » et cosmopolitisme dans le Mile End; Chapitre 8 -- Le cosmopolitisme « marche » : les experiences du boulevard; Conclusion; Bibliographie ; Collection de la Chaire de recherche du Canada en patrimoine urbain; Quatrieme de couverture
|
| 588 |
|
|
|a Description based on print version record.
|
| 650 |
|
7 |
|a Cosmopolitanism.
|2 fast
|0 (OCoLC)fst00880635
|
| 650 |
|
6 |
|a Cosmopolitisme
|z Quebec (Province)
|z Montreal.
|
| 650 |
|
0 |
|a Cosmopolitanism
|z Quebec (Province)
|z Montreal.
|
| 651 |
|
7 |
|a Quebec
|z Montreal
|z Boulevard Saint-Laurent.
|2 fast
|0 (OCoLC)fst01321301
|
| 651 |
|
7 |
|a Quebec
|z Montreal.
|2 fast
|0 (OCoLC)fst01210434
|
| 651 |
|
6 |
|a Boulevard Saint-Laurent (Montreal, Quebec)
|
| 651 |
|
0 |
|a Boulevard Saint-Laurent (Montreal, Quebec)
|
| 655 |
|
7 |
|a Electronic books.
|2 local
|
| 710 |
2 |
|
|a Project Muse.
|
| 710 |
2 |
|
|a Project Muse.
|e distributor
|
| 830 |
|
0 |
|a Book collections on Project MUSE.
|
| 856 |
4 |
0 |
|z Texto completo
|u https://projectmuse.uam.elogim.com/book/51978/
|
| 945 |
|
|
|a Project MUSE - Custom Collection
|
| 945 |
|
|
|a Project MUSE - 2017 Complete
|
| 945 |
|
|
|a Project MUSE - 2017 Global Cultural Studies
|